| 000 | 00556cam a2200217 4500 | ||
|---|---|---|---|
| 001 | 46144 | ||
| 010 | _a9722013165 | ||
| 021 | _b96746/96 | ||
| 090 | _a46144 | ||
| 100 | _a20031024d1996 m y0pory50030103ba | ||
| 101 | 0 | _apor | |
| 102 | _aPT | ||
| 200 | 1 |
_aContos proibidos _ememórias de um PS desconhecido _fRui Mateus |
|
| 205 | _a1.ª ed. | ||
| 210 | 9 |
_aLisboa _cPublicações Dom Quixote, _d1996 |
|
| 215 |
_a457 p., [32] p. il. _cil. _d24 cm |
||
| 675 | _a32 | ||
| 675 |
_a327PS _vBN _zpor |
||
| 700 | 1 |
_aMateus, _bRui, _f1944- |
|
| 801 | 0 |
_aPT _bBN _gRPC |
|
| 990 | _cLIVROS | ||